000 03412nab a2200313 i 4500
003 BR-BrBNA
005 20241216211617.0
008 241216b2017 bl.mr|pooa||| 00| 0 eng |
040 _aBR-BrBNA
_beng
072 _aQ02
_b1190
072 _aQ04
100 _aCastagnini, Juan Manuel
100 _aZapata, Luz Marina
100 _aQuinteros, Carlos Fabio
100 _aNoceti, Alicia
245 _aMultiple response optimization of blueberry juice depectinization
500 _aPublicação on-line; 34 ref.; 3 illus; Sumaries (En, Pt)
520 _a ABSTRACT - To obtain blueberry juice with a high content of antioxidants it is necessary to introduce an enzymatic depectinization step into the process. Due to the importance of this step in the final properties of blueberry juice it is critical that the operation conditions be optimized. The aim of this research was to evaluate the effects of temperature, duration of treatment and enzymatic complex concentration on anthocyanin content and juice yield during enzymatic depectinization. Results indicated that the best factor combination was 50ºC during 1.3h and 4mg 100g-1 of LAFASE® CLARIFICATION and 8mg 100g-1 of LAFASE® HE GRAND CRU enzymatic complex concentration. Under these conditions, blueberry juice with 798.41±8.03mg of cyanidin-3-glucoside L-1 and a juice yield of 87% was obtained. The combination of the response surface and desirability function methodologies enabled the optimization of the blueberry juice during the depectinization step, in terms of anthocyanin content and juice yield. Key words: blueberry juice, enzymatic depectinization, multiple response optimization.
520 _a RESUMO - Para obter o suco de mirtilo com um alto teor de antioxidantes, é necessário realizar uma etapa de despectinização enzimática durante o processo. Esta etapa influenciará nas propriedades finais do suco de mirtilo, então, é necessário que as condições de operação sejam otimizadas. O objetivo deste trabalho foi avaliar os efeitos da temperatura, duração do tratamento e concentração do complexo enzimático na concentração de antocianinas e no rendimento do suco durante a despectinização enzimática. Os resultados indicaram que a melhor combinação de parâmetros foi de 50ºC, durante 1 à 3h e uma concentração de complexo enzimático de 4mg 100g-1 de LAFASE® CLARIFICATION e 8mg 100g-1 de LAFASE® HE GRAND CRU. Sob estas condições, foi obtido o suco de mirtilo com 798.41±8.03mg decianidina-3-glicosídeo L-1 e um rendimento de suco de 87%. A combinação das metodologias de superfície de resposta em função da preferência possibilitaram a otimização da despectinização do suco de mirtilo, em termos de teor de antocianinas e rendimento de suco. Palavras-chave: suco de mirtilo, despectinização enzimática, otimização de múltiplas respostas.
650 _aMIRTILO
650 _aPROCESSAMENTO
650 _aSUCO DE FRUTA
650 _aANTOCIANINA
650 _aRENDIMENTO
773 0 _02408
_9346530
_dSanta Maria-RS Universidade Federal de Santa Maria - Centro de Ciências Rurais 1991
_o2024-7201
_tCiência Rural (Brazil)
_x0103-8478 Versão online ISSN 1678-4596
_gv. 47(4) p. 1-8; (2017)
_wBR2024004077
856 _uhttps://www.scielo.br/j/cr/a/BSYrrvPTmQg9nfCTfbpsHbx/?format=pdf&lang=en
942 _cANA
999 _c329293
_d329293